Giáo dục công dân 7

Guardado en:
Detalles Bibliográficos
Autor principal: Hà, Nhật Thăng
Otros Autores: Phạm, Văn Hùng
Formato: Libro
Lenguaje:Undetermined
Publicado: H. Giáo dục 2008
Materias:
Acceso en línea:http://lrc.tdmu.edu.vn/opac/search/detail.asp?aID=2&ID=4773
Etiquetas: Agregar Etiqueta
Sin Etiquetas, Sea el primero en etiquetar este registro!
Thư viện lưu trữ: Trung tâm Học liệu Trường Đại học Thủ Dầu Một
LEADER 00652nam a2200205Ia 4500
001 TDMU_4773
008 210410s9999 xx 000 0 und d
082 |a 370.71 
090 |b H100 
100 |a Hà, Nhật Thăng 
245 0 |a Giáo dục công dân 7 
245 0 |c Hà Nhật Thăng 
260 |a H. 
260 |b Giáo dục 
260 |c 2008 
300 |a 64tr 
650 |a Sách lớp 5  |v Giáo khoa; Giáo dục công dân  |x Dạy và học  
700 |a Phạm, Văn Hùng 
856 |u http://lrc.tdmu.edu.vn/opac/search/detail.asp?aID=2&ID=4773 
980 |a Trung tâm Học liệu Trường Đại học Thủ Dầu Một